000 00931nam a22001937a 4500
003 BR-ViAPE
005 20260417153132.0
008 260417s1943 por gs||||s000 0 por d
040 _cBR-ViAPE
110 _aEspírito Santo
_bEstado
245 _aRelatório de 1943 da Secretaria da Educação e Saúde apresentado ao Exmo. Sr. Interventor Jones Santos Neves pelo Dr. Eurico de Aguiar Salles secretário da educação e saúde (em dois volumes)
260 _a[s.l.]
_b[s.n.]
_c1943
300 _a119 p.
_bDocumento digitalizado (PDF)
500 _aDocumento digitalizado do acervo institucional do Arquivo Público do Estado do Espírito Santo - APEES.
650 _xAdministração pública
_zEspírito Santo
651 _aEspírito Santo
_xRelatórios governamentais
856 _uhttps://ape.es.gov.br/Media/ape/PDF/Relatorios/1941/relatorio8%20-%20ano%201943.pdf
_yCLIQUE AQUI PARA ACESSAR O DOCUMENTO
942 _2ddc
_cMSGREL
_n1
999 _c517
_d517